[Event "74th ch-ESP Absoluto"]
[Site "Palma de Mallorca ESP"]
[Date "2009.10.02"]
[Round "7"]
[White "Ruiz Vinals,M"]
[Black "Alemany Jara,A"]
[Result "0-1"]
[WhiteElo "2101"]
[BlackElo "1766"]

1.d4 Nf6 2.c4 g6 3.Nc3 Bg7 4.e4 d6 5.Nf3 O-O 6.Be2 e5 7.d5 Nbd7 8.Bg5 a5
9.Nd2 b6 10.a3 h6 11.Bh4 g5 12.Bg3 Nxe4 13.Ndxe4 f5 14.Bd3 f4 15.O-O Nc5
16.Nxc5 bxc5 17.f3 fxg3 18.hxg3 Bf5 19.Bxf5 Rxf5 20.Ne4 Rb8 21.Rb1 Qe8 22.Qd2 Qa4
23.Qd3 Rff8 24.Nc3 Qe8 25.Nb5 Rxb5 26.cxb5 e4 27.Qxe4 Bd4+  0-1

[Event "ch-USA w"]
[Site "Saint Louis USA"]
[Date "2009.10.05"]
[Round "2"]
[White "Foisor,S"]
[Black "Abrahamyan,T"]
[Result "1/2-1/2"]
[WhiteElo "2320"]
[BlackElo "2275"]

1.d4 Nf6 2.c4 g6 3.Nc3 Bg7 4.e4 d6 5.Nf3 O-O 6.Be2 e5 7.O-O Na6 8.Be3 Ng4
9.Bg5 Qe8 10.c5 h6 11.Bh4 exd4 12.Nxd4 dxc5 13.Nb3 g5 14.Bg3 Ne5 15.Bxa6 bxa6
16.Nd5 Rb8 17.Nxc7 Qa4 18.Qd6 Rb6 19.Qxc5 Rc6 20.Qxa7 Nd3 21.Nd5 Kh8 22.e5 Nxe5
23.Nc3 Qb4 24.Rae1 Nd3 25.Re4 Qb6 26.Qxb6 Rxb6 27.h4 Nxb2 28.Be5 Bb7 29.Bxg7+ Kxg7
30.Re2 Nd3 31.hxg5 hxg5 32.Rd2 Nf4 33.f3 Rh8 34.Ne2 Nxe2+ 35.Rxe2 Bd5 36.Re5 Bxb3
37.axb3 f6 38.Ra5  1/2-1/2

[Event "ch-USA w"]
[Site "Saint Louis USA"]
[Date "2009.10.07"]
[Round "4"]
[White "Foisor,S"]
[Black "Melekhina,A"]
[Result "0-1"]
[WhiteElo "2320"]
[BlackElo "2220"]

1.d4 Nf6 2.c4 g6 3.Nc3 Bg7 4.e4 d6 5.Nf3 O-O 6.Be2 e5 7.Be3 Na6 8.O-O Ng4
9.Bg5 Qe8 10.c5 h6 11.Bh4 exd4 12.Nxd4 dxc5 13.Nb3 c4 14.Bxc4 Nb4 15.Bb5 Nc6
16.h3 Nf6 17.Re1 Nh5 18.Nd5 Qe5 19.Rc1 Re8 20.Rxc6 bxc6 21.Bxc6 Be6 22.Bxa8 Rxa8
23.Bd8 Bxh3 24.Nxc7 Bg4 25.Qd2 Rc8 26.Rc1 Qf4 27.Qd3 Be5 28.g3 Qf3 29.Qxf3 Bxf3
30.Rc5 Rxd8 31.Nd5 Bxe4 32.Ne3 Bxb2 33.Rc7 a6 34.Nc5 Bf3 35.Nxa6 Ra8 36.Nb4 Ba3
37.Nbc2 Bd6 38.Rd7 Bc5 39.Ne1 Bxe3 40.Nxf3 Bc5 41.Rc7 Bf8 42.Rc2 Bg7 43.Kg2 Nf6
44.Ne5 Nd5 45.Nd3 Ra3 46.Nc1 Rc3 47.Rd2 Nf4+ 48.gxf4 Rxc1 49.Rd8+ Kh7 50.Rd7 f5
51.Ra7 h5 52.a4 Kh6 53.a5 Rc2 54.Rd7 Ra2 55.Rd5 Bc3  0-1

[Event "TCh-FIN 2009-10"]
[Site "Finland FIN"]
[Date "2009.10.17"]
[Round "3"]
[White "Nieminen,S"]
[Black "Lehtioksa,J"]
[Result "1/2-1/2"]
[WhiteElo "2070"]
[BlackElo "2164"]

1.d4 Nf6 2.Nf3 g6 3.c4 Bg7 4.Nc3 O-O 5.e4 d6 6.Be2 e5 7.d5 Nbd7 8.Be3 Ng4
9.Bg5 f6 10.Bh4 Nh6 11.Nd2 a6 12.O-O Qe8 13.Rc1 f5 14.Na4 b6 15.b4 a5 16.a3 axb4
17.axb4 Nf6 18.Nc3 Nxe4 19.Ndxe4 fxe4 20.g4 Kh8 21.h3 Bd7 22.Nxe4 Ra4 23.Qd2 Ng8
24.Bg5 Nf6 25.f3 Qa8 26.Bd3  1/2-1/2

[Event "8th TCh-Eur w"]
[Site "Novi Sad SRB"]
[Date "2009.10.22"]
[Round "1"]
[White "Javakhishvili,L"]
[Black "Nemcova,Kat"]
[Result "1-0"]
[WhiteElo "2472"]
[BlackElo "2258"]

1.Nf3 Nf6 2.c4 g6 3.Nc3 Bg7 4.e4 d6 5.d4 O-O 6.Be2 e5 7.Be3 exd4 8.Nxd4 Re8
9.f3 c6 10.Bf2 d5 11.exd5 cxd5 12.O-O Nc6 13.c5 Nh5 14.Qd2 Be5 15.g3 Ng7
16.Rad1 Nxd4 17.Bxd4 Bxd4+ 18.Qxd4 Nf5 19.Qf4 Ne3 20.Bb5 Nxd1 21.Bxe8 Qxe8
22.Rxd1 Be6 23.Qd4 Qe7 24.Re1 Qg5 25.Kf2 a6 26.h4 Qd8 27.b4 Qd7 28.h5 h6
29.Ne2 g5 30.Qf6 Kh7 31.Nd4 Re8 32.a3 Qe7 33.Qe5 Qf8 34.Qf6 Qe7 35.Qxe7 Rxe7
36.a4 a5 37.b5 Rc7 38.c6 bxc6 39.bxc6 Bc8 40.Rb1 Kg7 41.Rb5  1-0

[Event "17th TCh-Eur"]
[Site "Novi Sad SRB"]
[Date "2009.10.22"]
[Round "1"]
[White "Feller,S"]
[Black "Thomassen,J"]
[Result "1-0"]
[WhiteElo "2570"]
[BlackElo "2332"]

1.d4 Nf6 2.c4 g6 3.Nc3 Bg7 4.e4 d6 5.Nf3 O-O 6.Be2 e5 7.Be3 c6 8.d5 Ng4 9.Bg5 f6
10.Bh4 Na6 11.Nd2 Nh6 12.O-O c5 13.a3 b6 14.Rb1 Qe7 15.b4 Bd7 16.Bd3 Nf7
17.Bc2 Bh6 18.f3 Rfe8 19.Be1 f5 20.Ba4 Be3+ 21.Kh1 f4 22.Bc6 Bd4 23.Bxa8 Rxa8
24.Nb3 g5 25.bxc5 dxc5 26.a4 Kh8 27.Nxd4 exd4 28.Ne2 Ne5 29.a5 Nxc4 30.axb6 axb6
31.Nxd4 Ne3 32.Qd3 Nxf1 33.Bc3 Kg8 34.Rxf1 cxd4 35.Qxd4 Kf7 36.Qg7+ Ke8 37.Qg8+ Qf8
38.Qxh7 Rc8 39.Qg6+ Qf7 40.Qxg5 Nc5 41.Qe5+ Kd8 42.Qd6 Ke8 43.Bd4  1-0

[Event "WJun"]
[Site "Puerto Madryn ARG"]
[Date "2009.10.22"]
[Round "1"]
[White "Alvarez Ramirez,M"]
[Black "Diamant,A"]
[Result "0-1"]
[WhiteElo "2259"]
[BlackElo "2526"]

1.d4 Nf6 2.c4 g6 3.Nc3 Bg7 4.e4 d6 5.Nf3 O-O 6.Be2 e5 7.d5 a5 8.Bg5 h6 9.Bh4 Na6
10.Nd2 Qe8 11.O-O Nh7 12.a3 Bd7 13.Kh1 h5 14.f3 Bh6 15.b3 Bg5 16.Bf2 f5 17.Rb1 Nf6
18.b4 axb4 19.axb4 b6 20.c5 bxc5 21.bxc5 Nxc5 22.Bxc5 dxc5 23.Nc4 h4 24.Rb7 h3
25.gxh3 fxe4 26.Nxe4 Nxe4 27.fxe4 Ra2 28.Bg4 Ba4 29.Rxf8+ Qxf8 30.Qf3 Qxf3+
31.Bxf3 Rf2 32.Nxe5 Be3 33.Ng4 Rf1+  0-1

[Event "17th TCh-Eur"]
[Site "Novi Sad SRB"]
[Date "2009.10.23"]
[Round "2"]
[White "Wojtaszek,R"]
[Black "Saric,Iv"]
[Result "1-0"]
[WhiteElo "2640"]
[BlackElo "2573"]

1.d4 Nf6 2.c4 g6 3.Nc3 Bg7 4.e4 d6 5.Nf3 O-O 6.Be2 e5 7.Be3 Na6 8.O-O Ng4
9.Bg5 Qe8 10.Re1 exd4 11.Nd5 c6 12.Ne7+ Kh8 13.Nxc8 Rxc8 14.Nxd4 Nf6 15.f3 Nc5
16.Bf1 Qe5 17.Be3 Rfe8 18.Qd2 a6 19.Rad1 b5 20.b4 Nb7 21.Nb3 Rcd8 22.Bb6 Rd7
23.Nd4 Rc8 24.Rc1 bxc4 25.Bxc4 c5 26.Bxa6 Ng4 27.fxg4 Qxd4+ 28.Qxd4 Bxd4+
29.Kf1 Re7 30.a4 Rc6 31.a5 d5 32.e5 f6 33.e6 Nd6 34.b5 Rxb6 35.axb6 Ne4 36.Rxe4 dxe4
37.b7 Re8 38.b6  1-0

[Event "Chigorin Mem Open"]
[Site "St Petersburg RUS"]
[Date "2009.10.23"]
[Round "8"]
[White "Yevseev,D"]
[Black "Utegaliyev,A"]
[Result "0-1"]
[WhiteElo "2541"]
[BlackElo "2427"]

1.Nf3 Nf6 2.c4 g6 3.Nc3 Bg7 4.e4 d6 5.d4 O-O 6.Be2 Nbd7 7.O-O e5 8.Be3 c6
9.Qc2 Qe7 10.Rad1 h6 11.h3 exd4 12.Bxd4 Re8 13.Rfe1 Ne5 14.b4 Nfd7 15.Nh2 g5
16.Nf1 a5 17.a3 axb4 18.axb4 Nf8 19.Ne3 Nfg6 20.Bg4 Nh4 21.Bxc8 Raxc8 22.Kh1 Qe6
23.Nf5 Nxf5 24.exf5 Qxc4 25.Re4 d5 26.Re2 Nd7 27.Red2 Qxb4 28.Bxg7 Kxg7 29.Rb1 Qf4
30.Kg1 b5 31.Ne2 Qe4 32.Qb2+ Qe5 33.Nd4 c5 34.Nxb5 Qxb2 35.Rbxb2 Nf6 36.Nd6 Re1+
37.Kh2 Rc6 38.Nb5 Ra6 39.Rbc2 Raa1  0-1

[Event "Unive Open"]
[Site "Hoogeveen NED"]
[Date "2009.10.24"]
[Round "9"]
[White "Hovenga,A"]
[Black "Van der Veen,Jan"]
[Result "1-0"]
[WhiteElo "2206"]
[BlackElo "2144"]

1.d4 Nf6 2.c4 g6 3.Nc3 Bg7 4.e4 d6 5.Nf3 O-O 6.Be2 e5 7.O-O Na6 8.d5 Nc5
9.Qc2 a5 10.Bg5 h6 11.Be3 b6 12.Nd2 Bg4 13.f3 Bd7 14.b3 Nh5 15.Rfe1 Bf6 16.Rab1 Bg5
17.Bf2 Bxd2 18.Qxd2 Nf4 19.Bf1 h5 20.a3 a4 21.b4 Nb3 22.Qd1 Qg5 23.Kh1 h4
24.Be3 Kg7 25.Rb2 Rh8 26.Nb5 Bxb5 27.cxb5 Rac8 28.Bc4 Nd4 29.Bxd4 exd4 30.Qxd4+ f6
31.Bf1 Qe5 32.Qxe5 fxe5 33.Rc2  1-0

[Event "17th TCh-Eur"]
[Site "Novi Sad SRB"]
[Date "2009.10.24"]
[Round "3"]
[White "Pashikian,A"]
[Black "Markus,Rob"]
[Result "0-1"]
[WhiteElo "2663"]
[BlackElo "2608"]

1.d4 Nf6 2.Nf3 g6 3.c4 Bg7 4.Nc3 d6 5.e4 O-O 6.Be2 e5 7.O-O c6 8.Re1 Nbd7
9.Be3 Re8 10.dxe5 dxe5 11.Nd2 Qe7 12.a3 Nc5 13.b4 Ne6 14.c5 Rd8 15.Bf1 Nd4
16.Qb1 Be6 17.Nc4 Qc7 18.Qb2 b6 19.cxb6 axb6 20.b5 Nd7 21.Rac1 Nc5 22.bxc6 Rab8
23.Bg5 f6 24.Bh4 Kh8 25.Ne3 Qxc6 26.Ned5 g5 27.Bg3 Qd6 28.Rcd1 Qf8 29.Bc4 b5
30.Ba2 Na4 31.Nxa4 bxa4 32.Nb4 Qf7 33.Bxe6 Qxe6 34.Qc1 Bf8 35.Nd5 Rdc8 36.Qd2 Bxa3
37.h4 h6 38.Rb1 Bf8 39.Rxb8 Rxb8 40.Qa5 a3 41.Kh2 Qf7 42.Qa4 gxh4 43.Bxh4 Qh5
44.Kg3 Bg7 45.f3 f5 46.Qa7 Rg8 47.Kh3 Ne6 48.exf5 Ng5+ 49.Kg3 Nxf3 50.Re4 Nxh4  0-1

[Event "Chigorin Mem Open"]
[Site "St Petersburg RUS"]
[Date "2009.10.24"]
[Round "9"]
[White "Romanov,E"]
[Black "Babujian,L"]
[Result "0-1"]
[WhiteElo "2588"]
[BlackElo "2474"]

1.c4 Nf6 2.Nf3 g6 3.Nc3 Bg7 4.e4 O-O 5.d4 d6 6.Be2 e5 7.Be3 Nbd7 8.O-O Ng4
9.Bg5 f6 10.Bc1 c6 11.dxe5 dxe5 12.Qd6 Nh6 13.c5 Nf7 14.Bc4 Kh8 15.Bxf7 Rxf7
16.Be3 Bf8 17.Qd3 Qe7 18.Qc4 Nb8 19.Nd2 Na6 20.Na4 Be6 21.Qe2 Rd8 22.Nc4 Qe8
23.a3 Rfd7 24.Na5 Qf7 25.b4 Rb8 26.Nb2 Nc7 27.f4 exf4 28.Bxf4 Re8 29.Nxb7 Nb5
30.Na5 Bd5 31.e5 Bg7 32.Qe3 Qe6 33.exf6 Bxf6 34.Qxe6 Rxe6 35.Bh6 g5 36.Rad1 Nc3
37.Rd2 Rf7 38.Nb3 Ne2+ 39.Kh1 Bd4 40.Bg7+ Kxg7  0-1

[Event "17th TCh-Eur"]
[Site "Novi Sad SRB"]
[Date "2009.10.25"]
[Round "4"]
[White "Mchedlishvili,M"]
[Black "Markus,Rob"]
[Result "1/2-1/2"]
[WhiteElo "2613"]
[BlackElo "2608"]

1.d4 Nf6 2.c4 g6 3.Nc3 Bg7 4.e4 d6 5.Nf3 O-O 6.Be2 e5 7.Be3 c6 8.O-O exd4
9.Bxd4 Re8 10.Qc2 Qe7 11.Rfe1 Nbd7 12.Nd2 Nc5 13.Rad1 b6 14.b4 Ne6 15.Be3 Bb7
16.Nb3 Rad8 17.Bf3 h5 18.h3 Nh7 19.Be2 Be5 20.Bf1 Qf6 21.Ne2 c5 22.a3 g5
23.Ng3 g4 24.Qe2 Nf4 25.Bxf4 Qxf4 26.Qe3 Nf6 27.Qxf4 Bxf4 28.Ne2 Bg5 29.hxg4 hxg4
30.bxc5 bxc5 31.Na5 Ba8 32.Ng3 Nxe4 33.Nxe4 Bxe4 34.Bd3 Ba8 35.Rxe8+ Rxe8
36.Bf5 g3 37.fxg3 Re3 38.Rxd6 Rxg3 39.Nc6 Rxa3 40.Be4 Kg7 41.Kf2 Ra6 42.Kf3 Bf6
43.Kf4 Rb6 44.g4 a5 45.g5 Bb2 46.g6 Bxc6 47.gxf7 Bc1+ 48.Ke5 a4 49.Bxc6 a3
50.Rg6+ Kf8 51.Rg8+ Kxf7 52.Bd5+ Ke7 53.Rg7+ Kd8 54.Rg8+ Ke7  1/2-1/2

[Event "WJun"]
[Site "Puerto Madryn ARG"]
[Date "2009.10.25"]
[Round "5"]
[White "Cuberli,E"]
[Black "Shyam,SM"]
[Result "0-1"]
[WhiteElo "2161"]
[BlackElo "2403"]

1.d4 Nf6 2.Nf3 g6 3.c4 Bg7 4.Nc3 O-O 5.e4 d6 6.Be2 Nbd7 7.O-O e5 8.d5 Ne8
9.Bg5 Bf6 10.Bxf6 Qxf6 11.Ne1 Qe7 12.b4 f5 13.Nd3 Ndf6 14.f3 f4 15.a4 h5
16.a5 g5 17.Kf2 g4 18.Ke1 Kh8 19.Rg1 c6 20.Kd2 cxd5 21.cxd5 Bd7  0-1

[Event "TCh-SLO East 1st League"]
[Site "Sentjur SLO"]
[Date "2009.10.25"]
[Round "5"]
[White "Coklin,M"]
[Black "Zivkovic,Vj"]
[Result "0-1"]
[WhiteElo "2241"]
[BlackElo "2413"]

1.d4 Nf6 2.Nf3 g6 3.c4 Bg7 4.Nc3 d6 5.e4 O-O 6.Be2 e5 7.Be3 Ng4 8.Bg5 f6
9.Bh4 g5 10.Bg3 Nh6 11.d5 Nd7 12.Nd2 f5 13.f3 Nf6 14.Qb3 Nh5 15.O-O-O Nf4
16.Bxf4 exf4 17.Bd3 c5 18.dxc6 bxc6 19.c5+ Kh8 20.cxd6 Qxd6 21.Nc4 Qc7 22.Rhe1 Be6
23.exf5 Nxf5 24.Bxf5 Bxf5 25.Ne4 Rab8 26.Qa4 a5 27.a3 h6 28.Rd2 Rfd8 29.Rxd8+ Qxd8
30.Qd1 Qg8 31.Ned6 Bg6 32.Ne5 Bxe5 33.Rxe5 Qa2 34.Qc2 Qa1+ 35.Kd2  0-1

[Event "Corsica Masters"]
[Site "Bastia FRA"]
[Date "2009.10.26"]
[Round "2"]
[White "Shishkin,Va UKR"]
[Black "Cristofari,A"]
[Result "1-0"]
[WhiteElo "2511"]
[BlackElo "2109"]

1.d4 Nf6 2.c4 g6 3.Nc3 Bg7 4.e4 O-O 5.Be2 d6 6.Nf3 e5 7.Be3 Nc6 8.d5 Ne7
9.Nd2 Ne8 10.b4 f5 11.f3 Kh8 12.h4 f4 13.Bf2 Nf6 14.Bd3 Nh5 15.Ne2 Ng8 16.Qc2 Ngf6
17.Rc1 Rf7 18.c5 Bh6 19.Qb3 Ng3 20.Bxg3 fxg3 21.Nxg3 Nh5 22.Nxh5 gxh5 23.Rc2 Rf4
24.g3 Rf7 25.Be2 Qg8 26.Nf1 Rg7 27.Kf2 Bd7 28.c6 bxc6 29.dxc6 Be6 30.Bc4 Bxc4
31.Qxc4 Rf7 32.Ke2 Raf8 33.Rc3 Qg6 34.Rh2 Rg7 35.Ra3 Qf6 36.Rf2 d5 37.Qc5 d4
38.b5 Rd8 39.Qc4 Rgg8 40.Rd3 Rd6 41.a4 Rgd8 42.Qc5 Re8 43.Qxa7 Qf7 44.Nd2 Be3
45.Rf1 Rg6 46.Qc5 Rxg3 47.Nc4 Rg2+ 48.Kd1 Bf4 49.Qd5 Qg7 50.Nd2 Qh6 51.Qd7 Reg8
52.Qxc7 Bxd2 53.Qxe5+ R8g7 54.c7  1-0

[Event "24th GP Open A"]
[Site "Le Touquet FRA"]
[Date "2009.10.26"]
[Round "3"]
[White "Bernard,Ch"]
[Black "Vovk,Y"]
[Result "1-0"]
[WhiteElo "2356"]
[BlackElo "2538"]

1.d4 Nf6 2.c4 g6 3.Nc3 Bg7 4.e4 d6 5.Nf3 O-O 6.Be2 e5 7.O-O Nbd7 8.Re1 c6
9.Rb1 exd4 10.Nxd4 Nc5 11.f3 Nh5 12.Bf1 f5 13.exf5 Qh4 14.Be3 gxf5 15.Qd2 a5
16.Rbd1 a4 17.a3 f4 18.Bf2 Qg5 19.Ne4 Nxe4 20.Rxe4 Be5 21.Rde1 Nf6 22.R4e2 Bh3
23.Kh1 Bd7 24.c5 Rad8 25.cxd6 Bxd6 26.Qc2 Qh6 27.Qxa4 Nh5 28.Qc4+ Rf7 29.Qc1 Rf6
30.Qc4+ Kh8 31.Ne6 Ng3+ 32.Bxg3 fxg3 33.h3 Bxe6 34.Rxe6 Rxe6 35.Rxe6 Qg7
36.Qh4 Qf8 37.Bd3 Rd7 38.Qd4+ Kg8 39.Bc4  1-0

[Event "24th GP Open A"]
[Site "Le Touquet FRA"]
[Date "2009.10.26"]
[Round "3"]
[White "Loiseau,Q"]
[Black "Housieaux,D"]
[Result "1/2-1/2"]
[WhiteElo "2120"]
[BlackElo "2432"]

1.Nf3 Nf6 2.c4 g6 3.Nc3 Bg7 4.e4 d6 5.d4 O-O 6.Be2 Nbd7 7.O-O e5 8.Be3 Re8
9.d5 Nh5 10.Re1 Bf8 11.Nd2 Ng7 12.b4 f5 13.f3 Be7 14.Kh1 Rf8 15.a4 h5 16.a5 Bg5
17.Bg1 h4 18.c5 Nf6 19.Nf1 Nfh5 20.Ra2 Bf4 21.Rc2 Ne8 22.b5 Rf7 23.b6 cxb6
24.cxb6 a6 25.Na2 Bd7 26.Qb1 Qg5 27.Nb4 Ng3+ 28.Nxg3 hxg3 29.Bf1 fxe4 30.fxe4 Bd2
31.Rd1 gxh2 32.Rdxd2 hxg1=Q+ 33.Kxg1 Qe3+ 34.Rf2 Rxf2 35.Rxf2 Nf6 36.Qd3 Qc5
37.Qc4 Qxc4 38.Bxc4 Nxe4 39.Rc2 Rc8 40.Nc6 Ra8 41.Bd3 Nc5 42.Nxe5  1/2-1/2

[Event "24th GP Open A"]
[Site "Le Touquet FRA"]
[Date "2009.10.27"]
[Round "5"]
[White "Housieaux,D"]
[Black "Kieffer,C"]
[Result "1/2-1/2"]
[WhiteElo "2432"]
[BlackElo "2109"]

1.d4 d6 2.c4 g6 3.e4 Bg7 4.Nc3 Nf6 5.Be2 O-O 6.Nf3 e5 7.Be3 Nbd7 8.O-O Ng4
9.Bg5 f6 10.Bc1 Nh6 11.Qc2 c6 12.Rd1 Qe7 13.Bf1 Nf7 14.Be3 Re8 15.Re1 Nf8
16.c5 dxc5 17.dxc5 f5 18.exf5 gxf5 19.Bc4 Be6 20.Bxe6 Qxe6 21.Rad1 h6 22.Nh4 e4
23.Qb3 Qf6 24.g3 Ne6 25.Ne2 Re7 26.Nf4 Nxf4 27.Bxf4 Kh7 28.Re2 Rg8 29.Kh1 Rd8
30.Red2 Rxd2 31.Rxd2 Ng5 32.Bd6 Rf7 33.Qe3 Qe6 34.Bf4 Nh3 35.b3 Nxf4 36.Qxf4 Qe5
37.Qxe5 Bxe5  1/2-1/2

[Event "17th TCh-Eur"]
[Site "Novi Sad SRB"]
[Date "2009.10.27"]
[Round "6"]
[White "Fressinet,L"]
[Black "Stellwagen,D"]
[Result "1/2-1/2"]
[WhiteElo "2658"]
[BlackElo "2630"]

1.d4 Nf6 2.c4 g6 3.Nc3 Bg7 4.e4 d6 5.Nf3 O-O 6.Be2 e5 7.Be3 Ng4 8.Bg5 f6
9.Bh4 g5 10.Bg3 Nh6 11.c5 g4 12.Nh4 Nc6 13.cxd6 cxd6 14.dxe5 fxe5 15.O-O Bf6
16.Nf5 Nxf5 17.exf5 Bxf5 18.Bxg4 Bg6 19.Bh5 Bf5 20.Qd5+ Kh8 21.Rfd1 Nd4 22.Nb5 Nxb5
23.Qxb5 Qe7 24.Bf3 Rfd8 25.Rd2 Rd7 26.Rad1 Rad8 27.h3 Qg7 28.Qb4 Be7 29.Bg4 Bxg4
30.hxg4 d5 31.Qa5 b6 32.Qb5 Bc5 33.Qe2 e4 34.Bh4 Be7 35.Bxe7 Qxe7 36.Rd4 Qg5
37.f3 exf3 38.gxf3 Re7 39.Qd2 Qe5 40.Rf4 d4 41.Re4 Qg3+ 42.Qg2 Qc7 43.Rxe7 Qxe7
44.Qd2 Qd6 45.Kg2 d3 46.Qc3+ Kg8 47.Rd2 a5 48.Qc4+ Kg7 49.Qb5 h6 50.Qc4 Kf6
51.Qc3+ Kg6 52.Qc4 Qe5 53.f4 Qe3 54.Qc6+ Kf7 55.Qc7+ Ke8 56.Qe5+ Qxe5 57.fxe5 Ke7
58.Kf3 Ke6 59.Ke4 Rd5 60.a4 Rxe5+ 61.Kxd3 Rg5 62.Rh2 Rxg4 63.Rxh6+ Kd5  1/2-1/2

[Event "17th TCh-Eur"]
[Site "Novi Sad SRB"]
[Date "2009.10.27"]
[Round "6"]
[White "Pelletier,Y"]
[Black "Kozul,Z"]
[Result "1/2-1/2"]
[WhiteElo "2589"]
[BlackElo "2588"]

1.d4 Nf6 2.c4 g6 3.Nc3 Bg7 4.e4 d6 5.Nf3 O-O 6.Be2 e5 7.O-O Nbd7 8.Be3 c6
9.d5 c5 10.Ne1 Kh8 11.Nd3 Ng8 12.Qd2 Qe7 13.b4 b6 14.a4 f5 15.f3 f4 16.Bf2 a5
17.bxc5 bxc5 18.Nb5 g5 19.Nc7 Ra7 20.Ne6 Rf6 21.Rfb1 Rg6 22.Rb5 g4 23.fxg4 Ndf6
24.Bh4 Bxe6 25.dxe6 Qxe6 26.Nf2 Bh6 27.Qc3 Rag7 28.h3 Bg5 29.Bxg5 Rxg5 30.Rd1 Nh5
31.Bf3 Ng3 32.Rb6 Rd7 33.Qxa5 Qxc4 34.Qb5 Qf7 35.Rbxd6 Rxd6 36.Rxd6 Qa7 37.a5 Rg7
38.a6 c4 39.Rd8 Qe3 40.Rxg8+ Rxg8 41.Qxe5+ Rg7 42.Qe8+  1/2-1/2

[Event "24th GP Open A"]
[Site "Le Touquet FRA"]
[Date "2009.10.28"]
[Round "7"]
[White "Ikonnikov,Vy"]
[Black "Vovk,Y"]
[Result "1/2-1/2"]
[WhiteElo "2558"]
[BlackElo "2538"]

1.d4 Nf6 2.Nf3 g6 3.c4 Bg7 4.Nc3 O-O 5.e4 d6 6.Be2 e5 7.O-O Nbd7 8.Qc2 Nh5
9.Bg5 f6 10.Be3 Nf4 11.Bxf4 exf4 12.b4 f5 13.exf5 Rxf5 14.Rfe1 Rf8 15.Bd3 Nf6
16.h3 Bd7 17.Re2 Re8 18.Rae1 Rxe2 19.Nxe2 Nh5 20.d5 c6 21.dxc6 bxc6 22.b5 Rc8
23.bxc6 Bxc6 24.Be4 Qc7 25.Bxc6 Qxc6 26.Rc1 Re8 27.Qd3 Qc5 28.Kf1 Nf6 29.Rd1 Ne4
30.Qd5+ Qxd5 31.cxd5 g5 32.Rb1 h5 33.g4 fxg3 34.Nxg3 Nxg3+ 35.fxg3 Rf8 36.Ke2 Bf6  1/2-1/2

[Event "24th GP Open A"]
[Site "Le Touquet FRA"]
[Date "2009.10.28"]
[Round "7"]
[White "Bernard,Ch"]
[Black "Kieffer,C"]
[Result "1/2-1/2"]
[WhiteElo "2356"]
[BlackElo "2109"]

1.d4 d6 2.Nf3 g6 3.c4 Nf6 4.Nc3 Bg7 5.e4 O-O 6.Be2 e5 7.O-O Nbd7 8.Re1 c6
9.Rb1 a5 10.Bf1 Qe7 11.Be3 exd4 12.Bxd4 Ne5 13.Nxe5 dxe5 14.Bb6 Be6 15.f3 Nd7
16.Be3 Nc5 17.Nd5 cxd5 18.cxd5 Rfd8 19.Qc2 Rac8 20.dxe6 Nxe6 21.Qa4 Qb4 22.Qxb4 axb4
23.Rbc1 Nd4 24.Red1 Kf8 25.Kf2 Ke7 26.Bc4 b5 27.Bf1 b3 28.axb3 Nxb3 29.Rxc8 Rxc8
30.Bxb5 Rc2+ 31.Kg3 Nd4 32.Bxd4 exd4 33.b3 g5 34.Bc4 Be5+ 35.Kh3 h5 36.Ra1 f6
37.g3 Kd6 38.Rd1 Kc5 39.Bf7 h4 40.b4+  1/2-1/2

[Event "Open"]
[Site "Liberec CZE"]
[Date "2009.10.28"]
[Round "5"]
[White "Bartos,J"]
[Black "Jiruse,J"]
[Result "1/2-1/2"]
[WhiteElo "2249"]
[BlackElo "2066"]

1.d4 Nf6 2.Nf3 g6 3.c4 Bg7 4.Nc3 O-O 5.e4 d6 6.Be2 e5 7.dxe5 dxe5 8.Qxd8 Rxd8
9.Bg5 c6 10.Nxe5 Re8 11.O-O-O Na6 12.Rd6 Nxe4 13.Nxe4 Bxe5 14.Nf6+ Bxf6 15.Bxf6 Nc5
16.Bf3 Bf5 17.Rhd1 Ne4 18.Bxe4 Rxe4 19.Rd8+ Re8 20.Rxa8 Rxa8 21.f3 Be6 22.b3 b5
23.cxb5 cxb5 24.Kb2 h6 25.h4 Kf8 26.Rd6 Ke8 27.g4 a5 28.Rb6 b4 29.Rd6 Bd7
30.Rd4 Ra6 31.g5 h5 32.Re4+ Be6 33.Rd4 Bd7 34.Re4+  1/2-1/2

[Event "Open"]
[Site "Liberec CZE"]
[Date "2009.10.30"]
[Round "8"]
[White "Kozak,Mi"]
[Black "Cieslak,L"]
[Result "1/2-1/2"]
[WhiteElo "2243"]
[BlackElo "1972"]

1.d4 Nf6 2.c4 g6 3.Nc3 Bg7 4.e4 d6 5.Nf3 O-O 6.Be2 e5 7.O-O exd4 8.Nxd4 Re8
9.f3 Nc6 10.Be3 Nh5 11.f4 Nf6 12.Bf3 Bg4 13.Nxc6 Bxf3 14.Qxf3 bxc6 15.Rae1 Qc8
16.Bd2 Qg4 17.Qxg4  1/2-1/2

[Event "17th TCh-Eur"]
[Site "Novi Sad SRB"]
[Date "2009.10.30"]
[Round "9"]
[White "Van Hoolandt,P"]
[Black "Erdogdu,M"]
[Result "1/2-1/2"]
[WhiteElo "2229"]
[BlackElo "2467"]

1.d4 Nf6 2.c4 g6 3.Nc3 Bg7 4.e4 d6 5.Nf3 O-O 6.Be2 e5 7.dxe5 dxe5 8.Qxd8 Rxd8
9.Bg5 Rf8 10.O-O-O Nbd7 11.Nd5 Nxe4 12.Be3 Ndc5 13.Nxc7 Rb8 14.Ne1 b6 15.f3 Nf6
16.Nd3 Nxd3+ 17.Rxd3 Bb7 18.Ra3 Rfc8 19.Nb5 Nd5 20.Bd2 a6 21.Nd6 b5 22.Nxc8 Rxc8
23.Kb1 bxc4 24.Ra4 c3 25.bxc3 e4 26.fxe4 Nxc3+ 27.Bxc3 Rxc3 28.Rb4 Rc7 29.Rd1 Be5
30.h3 Kg7 31.Bf3 Kf6 32.Rc1 Re7 33.Rb6+ Kg5 34.Rc4 Kf4 35.Rcb4 Bc8 36.Be2 a5
37.Ra4 Ke3 38.Bf3 Ra7 39.Rb5 Bc7 40.e5 Bd7 41.Re4+ Kf2 42.Re2+ Kg3 43.Rb7 Rxb7+
44.Bxb7 Be6 45.Kb2 h5 46.Kc3 Kf4 47.Kd4 Bb6+ 48.Kd3 Bc7 49.Bf3 Bxe5 50.Re4+ Kf5
51.g4+ Kf6 52.Ra4 hxg4 53.hxg4 Bc7 54.Ke3 Kg5 55.Be2 f6 56.Bf3 Bb6+ 57.Ke2 Kh4  1/2-1/2

[Event "13th OIBM"]
[Site "Bad Wiessee GER"]
[Date "2009.10.31"]
[Round "1"]
[White "Favre,B"]
[Black "Feige,M"]
[Result "1/2-1/2"]
[WhiteElo "1992"]
[BlackElo "2417"]

1.d4 Nf6 2.Nf3 g6 3.c4 Bg7 4.Nc3 O-O 5.e4 d6 6.Be2 e5 7.dxe5 dxe5 8.Qxd8 Rxd8
9.Bg5 Re8 10.Nd5 Nxd5 11.cxd5 c6 12.Bc4 cxd5 13.Bxd5 Nc6 14.Bxc6 bxc6 15.O-O f5
16.Nd2 Be6 17.Rfc1 Rac8 18.Rc2 Rc7 19.f3  1/2-1/2

[Event "WJun Girls"]
[Site "Puerto Madryn ARG"]
[Date "2009.11.01"]
[Round "11"]
[White "Ivakhinova,I"]
[Black "Amed,S"]
[Result "1-0"]
[WhiteElo "2249"]
[BlackElo "2159"]

1.d4 Nf6 2.c4 g6 3.Nc3 Bg7 4.e4 d6 5.Nf3 O-O 6.Be2 e5 7.Be3 Ng4 8.Bg5 f6
9.Bh4 Nc6 10.d5 Ne7 11.Nd2 Nh6 12.f3 c5 13.dxc6 bxc6 14.b4 Be6 15.Bf2 Nf7
16.Nb3 f5 17.O-O f4 18.Na5 g5 19.Qa4 Qc8 20.Rfd1 h5 21.c5 d5 22.Nxc6 Nxc6
23.exd5 e4 24.dxe6 Qxe6 25.Nxe4 Bxa1 26.Rxa1 Nce5 27.Qa6 Nc6 28.b5 Ncd8 29.Qxe6 Nxe6
30.Bc4 Ned8 31.Nxg5 Re8 32.c6 Re5 33.Ne4 Ne6 34.Nf6+ Kg7 35.Nd7  1-0

[Event "13th OIBM"]
[Site "Bad Wiessee GER"]
[Date "2009.11.02"]
[Round "3"]
[White "Brodsky,M"]
[Black "Kugelmann,W"]
[Result "1-0"]
[WhiteElo "2530"]
[BlackElo "2213"]

1.d4 Nf6 2.c4 g6 3.Nc3 Bg7 4.e4 d6 5.Be2 O-O 6.Nf3 e5 7.O-O Na6 8.Re1 c6
9.Be3 Ng4 10.Bg5 Qe8 11.h3 h6 12.Bc1 Nf6 13.Bf1 Nh5 14.Be3 Qe7 15.c5 dxc5
16.dxe5 Rd8 17.Qc1 Bxe5 18.Nxe5 Qxe5 19.Bxa6 bxa6 20.Bxh6 Be6 21.Be3 Nf6
22.Bf4 Qd4 23.Rd1 Qc4 24.Rxd8+ Rxd8 25.Bg5 Qd4 26.Ne2 Qe5 27.Qf4  1-0

[Event "13th OIBM"]
[Site "Bad Wiessee GER"]
[Date "2009.11.03"]
[Round "5"]
[White "Van den Bersselaar,J"]
[Black "Souleidis,G"]
[Result "1/2-1/2"]
[WhiteElo "2184"]
[BlackElo "2429"]

1.d4 Nf6 2.c4 g6 3.Nc3 Bg7 4.e4 d6 5.Nf3 O-O 6.Be2 Na6 7.O-O e5 8.Be3 Ng4
9.Bg5 Qe8 10.Re1 f6 11.Bc1 Nh6 12.Bf1 Nf7 13.Rb1 Bg4 14.d5 c5 15.dxc6 bxc6
16.b4 Nc7 17.b5 cxb5 18.cxb5 Be6 19.a4 Qd7 20.a5 d5 21.Na4 dxe4 22.Nd2 e3
23.fxe3 Bf5 24.e4 Bg4 25.Qb3 Ne6 26.Qd5 Qxd5 27.exd5 Nf4 28.Nc5 Bf5 29.Rb3 Rfc8
30.Nde4 Bxe4 31.Nxe4 Nxd5 32.b6 axb6 33.axb6 Rab8 34.b7 Rc7 35.Rd1 Ne7 36.Ba6 Nf5
37.Ba3 Nd4 38.Rb6 f5 39.Nd6 Bf8 40.Nc4 Bxa3 41.Nxa3 Kf8 42.Nc4 Ke7 43.Nxe5 Nxe5
44.Rxd4 Nd7 45.Rbd6 Nc5 46.h4 Nxa6 47.Rxa6 Rcxb7 48.h5 Rb6 49.Ra7+ R8b7 50.Rxb7+ Rxb7
51.hxg6 hxg6 52.Kf2 Kf6 53.Ra4 Kg5 54.g3 Rb3 55.Rc4 Rb5 56.Kf3 Re5 57.Ra4 Rb5
58.Rc4 Rb3+ 59.Kf2 Kh5 60.Rh4+ Kg5 61.Ra4 Rd3 62.Rc4 Kf6 63.Rc6+ Kg5 64.Rc4 Rd6
65.Ra4 Kf6 66.g4 Kg5 67.gxf5 gxf5 68.Ra3 Rd4 69.Rg3+ Kf6 70.Ra3 Rg4 71.Ra6+ Kg5
72.Ra5 Rb4 73.Ra3 Rf4+ 74.Kg3 Rh4 75.Kg2 Kg4 76.Rg3+ Kf4 77.Ra3 Rh8 78.Ra4+ Kg5
79.Kg3 Rh1 80.Kg2 Rb1 81.Ra3 Kg4 82.Ra4+ f4 83.Ra3 Rb2+ 84.Kf1 f3 85.Ra8  1/2-1/2

[Event "World Seniors"]
[Site "Condino ITA"]
[Date "2009.11.05"]
[Round "9"]
[White "Karall,L"]
[Black "Maurer,F"]
[Result "1/2-1/2"]
[WhiteElo "1965"]
[BlackElo "2081"]

1.d4 Nf6 2.c4 g6 3.Nc3 Bg7 4.e4 d6 5.Be2 O-O 6.Nf3 e5 7.O-O Na6 8.Be3 Ng4
9.Bg5 f6 10.Bd2 f5 11.Bg5 Qe8 12.h3 Nh6 13.d5 Nf7 14.Bd2 Nc5 15.Qc2 c6 16.Be3 Nxe4
17.Nxe4 fxe4 18.Nd2 cxd5 19.cxd5 Bh6 20.Nxe4 Qe7 21.Qd2  1/2-1/2